000 00294nam a2200121Ia 4500
008 150201s2008 xx 000 0 und d
082 _a617
_bS08E
100 _aELLIS,HAROLD
245 _aCLINICAL CASES UNCOVERD SURGERY
260 _bWILEY
_aBLACKWELL
_c2008
650 _aSURGERY
942 _2ddc
_cBK
999 _c853
_d853